01289cam a22002535a 4500999001700000005001700017008004100034020001800075040005000093082001700143100003200160245007300192250001800265260004900283300004200332504005100374520035100425650004000776651001000816653002400826700002400850942000800874952015300882 c27298d2726920190404101112.0180112t2018 enka frb 001 0 eng d a9781473734524 aStDuBDSbengcStDuBDSdUkdEG-ScBUEdEG-ScBUE04a153bGOL2221 aGoldstein, E. Bruce,d1941-10aCognitive psychology /cE. Bruce Goldstein and Johanna C. Van Hooff. a1st. EMEA ed. aHampshire :bCengage Learning EMEA,cc.2018. axxii, 502 p. :bill. (col.) ;c25 cm. aIncludes bibliographical references and index. aHelps students understand the theories of cognition, driving home both the scientific importance of the theories and their relevance to students' daily lives. This title helps students gain an understanding of the behind the scenes' activity that happens in the mind when humans do such seemingly simple activities as perceive, remember, or think 7aCognitive psychology.2BUEsh933178 2BUEsh bHHUUPPSScMarch20191 aHooff, Johanna van. 2ddc 00102ddc40708AlahramaMAINbMAINcLOWd2019-03-25ePurchaseg739.00h525l5m85o153 GOLp000043287r2025-07-15 00:00:00s2023-11-21v923.75yBB